MARC details
| 000 -LEADER |
| campo de control de longitud fija |
02038nam a2200433 i 4500 |
| 001 - NÚMERO DE CONTROL |
| campo de control |
155390 |
| 003 - IDENTIFICADOR DE NÚMERO DE CONTROL |
| campo de control |
ES-MaACL |
| 005 - FECHA Y HORA DE LA ÚLTIMA TRANSACCIÓN |
| campo de control |
20250830063107.0 |
| 008 - DATOS DE LONGITUD FIJA--INFORMACIÓN GENERAL |
| campo de control de longitud fija |
931025e1794 sp |r 001 0 spa |
| 040 ## - FUENTE DE CATALOGACIÓN |
| Centro catalogador/agencia de origen |
PAB |
| Lengua de catalogación |
spa |
| Centro/agencia transcriptor |
ES-MaACL |
| 080 ## - NÚMERO DE LA CLASIFICACIÓN DECIMAL UNIVERSAL |
| Número de la Clasificación Decimal Universal |
572 |
| 080 ## - NÚMERO DE LA CLASIFICACIÓN DECIMAL UNIVERSAL |
| Número de la Clasificación Decimal Universal |
113/119 |
| 080 ## - NÚMERO DE LA CLASIFICACIÓN DECIMAL UNIVERSAL |
| Número de la Clasificación Decimal Universal |
57"17" |
| 080 ## - NÚMERO DE LA CLASIFICACIÓN DECIMAL UNIVERSAL |
| Número de la Clasificación Decimal Universal |
37"17" |
| 100 1# - ENTRADA PRINCIPAL--NOMBRE DE PERSONA |
| Nombre de persona |
Hervás, Lorenzo, |
| Fechas asociadas al nombre |
1735-1809 |
| Término indicativo de función/relación |
Autor |
| 9 (RLIN) |
63423 |
| 245 10 - MENCIÓN DEL TÍTULO |
| Título |
Historia de la vida del hombre. |
| Número de parte o sección de la obra |
Tomo III. |
| -- |
Parte II. |
| Nombre de parte o sección de la obra |
Pubertad y Juventud del hombre / |
| Mención de responsabilidad, etc. |
su autor el abate don Lorenzo Hervás y Panduro, Sócio de la Real Académia de las Ciencias y Antigüedades de Dublin, y de la Etrusca de Cortona |
| 246 1# - FORMA VARIANTE DEL TITULO |
| Título propio/Titulo breve |
Pubertad y juventud del hombre |
| 260 ## - PUBLICACIÓN, DISTRIBUCIÓN, ETC. |
| Lugar de publicación, distribución, etc. |
Madrid : |
| Nombre del editor, distribuidor, etc. |
En la Imprenta Real, |
| Fecha de publicación, distribución, etc. |
1794 |
| 300 ## - DESCRIPCIÓN FÍSICA |
| Extensión |
[2], 343, [1] páginas ; |
| Dimensiones |
4º |
| 500 ## - NOTA GENERAL |
| Nota general |
Índice |
| 505 0# - NOTA DE CONTENIDO CON FORMATO |
| Nota de contenido con formato |
Filosofía; Matemática; Medicina |
| 530 ## - NOTA DISPONIBLE DE FORMULARIO FÍSICO ADICIONAL |
| Nota de formato físico adicional disponible |
Disponible en formato digital |
| 594 ## - NOTA AL TITULO Y MENCION DE RESPONSABILIDAD |
| Nota |
Título en anteportada: "Historia de la vida del hombre, ó Idea del universo; baxo de cuyo titulo se publicó en italiano" |
| 596 ## - NOTA DE PIE DE IMPRENTA |
| Nota |
Marca tipográfica (anónima según Vindel, 696) en portada |
| 597 #1 - NOTA A LA DESCRIPCION FISICA |
| Nota |
Sign.:[ ]1, A-Z4, 2A-2V4. |
| 650 #4 - PUNTO DE ACCESO ADICIONAL DE MATERIA--TÉRMINO DE MATERIA |
| Término de materia o nombre geográfico como elemento de entrada |
Hombre |
| 9 (RLIN) |
13451 |
| 650 #7 - PUNTO DE ACCESO ADICIONAL DE MATERIA--TÉRMINO DE MATERIA |
| Término de materia o nombre geográfico como elemento de entrada |
Antropología filosófica- |
| Subdivisión de forma |
Obras anteriores a 1800 |
| 9 (RLIN) |
147426 |
| 650 #4 - PUNTO DE ACCESO ADICIONAL DE MATERIA--TÉRMINO DE MATERIA |
| Término de materia o nombre geográfico como elemento de entrada |
Biología- |
| Subdivisión de forma |
Obras anteriores a 1800. |
| 9 (RLIN) |
157398 |
| 650 04 - PUNTO DE ACCESO ADICIONAL DE MATERIA--TÉRMINO DE MATERIA |
| Término de materia o nombre geográfico como elemento de entrada |
Educación- |
| Subdivisión de forma |
Obras anteriores a 1800. |
| 9 (RLIN) |
12084 |
| 710 2# - ENTRADA AGREGADA--NOMBRE DE ENTIDAD CORPORATIVA |
| Nombre de entidad corporativa o nombre de jurisdicción como elemento de entrada |
Imprenta Real (Madrid) |
| 9 (RLIN) |
134468 |
| 740 32 - ENTRADA AGREGADA--TÍTULO RELACIONADO/ANALÍTICO NO CONTROLADO |
| Título relacionado o analítico no controlado |
El hombre en las ciencias mayores y su instrucción moral y civil en las edades de la pubertad y de la juventud |
| 752 ## - ENTRADA AGREGADA--NOMBRE JERÁRQUICO DEL LUGAR |
| País o entidad superior |
España - |
| Ciudad |
Madrid |
| 852 4# - LOCALIZACIÓN |
| Ubicación |
ES-MaACL |
| Ubicación en estantería |
Depósito |
| Signatura antigua |
Olim: G-2562-68 |
| Número de control de estantería |
R-822-28 |
| Encuadernación |
Pasta española |
| 856 4# - LOCALIZACIÓN Y ACCESO ELECTRÓNICOS |
| Identificador Uniforme de Recursos |
<a href="https://patrimoniodigital.ucm.es/s/patrimonio/item/621399">https://patrimoniodigital.ucm.es/s/patrimonio/item/621399</a> |
| Texto de enlace |
Versión en línea |
| Nota pública |
(Patrimonio Digital Complutense) |
| 856 4# - LOCALIZACIÓN Y ACCESO ELECTRÓNICOS |
| Identificador Uniforme de Recursos |
<a href="https://repositorio.bde.es/handle/123456789/35230">https://repositorio.bde.es/handle/123456789/35230</a> |
| Texto de enlace |
Versión en línea |
| Nota pública |
(Repositorio Institucional del Banco de España) |
| 942 ## - ELEMENTOS DE ENTRADA SECUNDARIOS (KOHA) |
| Tipo de ítem Koha |
Libro impreso antiguo |
| Suprimir en OPAC |
No |